Statistics for Ability Wars all abilities

Click here to take the quiz!

General Stats

  • This quiz has been taken 32 times
  • The average score is 42 of 84

Answer Stats

AnswerHint% Correct
AlchemistBrewing
85%
God PunchP2W
85%
Default0 Punch
77%
EngineerQuest
77%
Glue550 Punch
77%
JelloGelatinous
77%
BombTeam Battles
69%
KickShop
69%
MaliceHallowen
69%
Shift350 Punch
69%
ArmyTime to kill robots
62%
Blood God5000 Punch
62%
BubbleWash Ur Hands
62%
BurgerYummy
62%
CakeBadge
62%
Coffee50 Punch
62%
Cosmos30000 Punch
62%
Deflect1900 Punch
62%
Energy Drink150 Punch
62%
Freeze20000 Punch
62%
Grapple850 Punch
62%
LemonBackrooms
62%
Mushroom1450 Punch
62%
Plant4000 Punch
62%
Plasma100000 Punch
62%
Portal1v1 in dark
62%
Robot1000 Punch
62%
Soap750 Punch
62%
Buff1150 Punch
54%
Cards3000 Punch
54%
Combo100
54%
DefenderUndead are coming
54%
Double JumpGroup
54%
FestiveChristmas
54%
FireworkNew Year
54%
Gravity450 Punch
54%
JesterBehind Glue
54%
Lava4500 Punch
54%
Magnet2200 Punch
54%
MechMy Arms are gone
54%
Meteor3500 Punch
54%
SeatEdge
54%
Time15000 Punch
54%
TreeBoss
54%
UfoIm FLYING
54%
Bionic10000 Punch
46%
Boomerang650 Punch
46%
Bounty Hunter1600 Punch
46%
ButterSlippery
46%
Devour of souls6000 Punch
46%
EggApril
46%
MysticDevource with ? Kills
46%
Overcharge1750 Punch
46%
Quantum40000 Punch
46%
Railgun60000 Punch
46%
Slime1300 Punch
46%
SpectatorIn Lobby
46%
Teleportation100 Punch
46%
Barrier2050 Punch
38%
Bone5500 Punch
38%
Crystal7000 Punch
38%
HivemindIm Leader
38%
MoaiIn Defflect
38%
Paladin9000 Punch
38%
Pulsemagnet + ?
38%
RabbitApril
38%
ReturnIM HERO
38%
Static2350 Punch
38%
Stone2500 Punch
38%
Storm8000 Punch
38%
500Mastery Alchemist
31%
500Mastery Army
31%
500Mastery Cosmos
31%
CheeseIn Lobby
31%
Discombobulate250 Punch
31%
SpectralI Have Flew Away
31%
150Mastery Magnet
23%
1500Mastery Bomb
23%
1750Mastery Engineer
23%
250Mastery Ufo
23%
750Mastery Cake
23%
Spring20 Kills
23%
45sMastery Portal
15%
RandomizerBadge
8%

Score Distribution

Percentile by Number Answered

Percent of People with Each Score

Your Score History

You have not taken this quiz